LEADER 01066nam a2200265 i 4500 001 991001936039707536 005 20020507154120.0 008 000211s1988 it ||| | ita 035 $ab11585729-39ule_inst 035 $aLE02727716$9ExL 040 $aDip.to Studi Giuridici$bita 082 0 $a332.1068 084 $aCM-XVI/A 100 1 $aDell'Atti, Antonio$0116264 245 10$aEvoluzione dell'attivitą bancaria e finanziaria /$cAntonio Dell'Atti 260 $aBari :$bCacucci,$c1988 300 $a220 p. ;$c25 cm. 500 $aIn testa al front.: Universitą degli studi di Bari, Facoltą di economia e commercio, Istituto di tecnica bancaria e professionale, industriale e commerciale 650 4$aBanche$xGestione 907 $a.b11585729$b02-04-14$c02-07-02 912 $a991001936039707536 945 $aLE027 CM-XVI/A 11$g1$iLE027-1359$lle027$o-$pE0.00$q-$rl$s- $t0$u0$v0$w0$x0$y.i11794434$z02-07-02 996 $aEvoluzione dell'attivitą bancaria e finanziaria$9196556 997 $aUNISALENTO 998 $ale027$b01-01-00$cm$da $e-$fita$git $h0$i1 LEADER 02264nam0 22004093i 450 001 MIL0700322 005 20251003044236.0 010 $a888937361X 100 $a20130408d2005 ||||0itac50 ba 101 | $aita 102 $ait 181 1$6z01$ai $bxxxe 182 1$6z01$an 200 1 $aAttivitą nucleari e diritto internazionale$fAnna Di Lieto 210 $aNapoli$cEditoriale scientifica$dc2005 215 $aVIII, 136 p.$d24 cm. 225 | $aUniversitą degli studi di Napoli Federico 2., Dipartimento di scienze internazionalistiche e di studi sul sistema politico ed istituzionale europeo. Serie 2, Studi di diritto internazionale e dell'Unione europea$v5 410 0$1001URB0433854$12001 $aUniversitą degli studi di Napoli Federico 2., Dipartimento di scienze internazionalistiche e di studi sul sistema politico ed istituzionale europeo. Serie 2, Studi di diritto internazionale e dell'Unione europea$v5$171201$aUniversitą degli studi$c $b : Dipartimento di scienze internazionalistiche e di studi sul sistema politico ed istituzionale europeo$3CFIV227491 606 $aENERGIA NUCLEARE$xDIRITTO INTERNAZIONALE$2FIR$3MILC013770$9I 606 $aArmi nucleari$xDiritto internazionale$2FIR$3CFIC005667$9I 676 $a341.734$9$v21 676 $a343.09$9DIRITTO. Controllo delle imprese di servizi pubblici$v14 676 $a343.0925$9Energia nucleare$v22 696 $aEnergia atomica 696 $aArmi atomiche 699 $aEnergia nucleare$zEnergia atomica 699 $aArmi nucleari$zArmi atomiche 700 1$aDi Lieto$b, Anna$3MILV314549$4070$0507068 801 3$aIT$bIT-000000$c20130408 850 $aIT-BN0095 901 $bNAP 01$cD $n$ 901 $bNAP 01$cTEDASS $nex Centro interdipartimentale sulle alte tecnologie per la diagnostica ambientale e lo sviluppo sostenibile 912 $aMIL0700322 950 0$aBiblioteca Centralizzata di Ateneo$d 01D (C) 21 735$e 01C 0800217355 VMA 1 v.$fY $h20121016$i20121016$d 01TEDASS 343.09 DIL.at$e 0102 0000087915 VMA FD 1 v.$fY $i20111103 977 $a 01 996 $aAttivitą nucleari e diritto internazionale$9777702 997 $aUNISANNIO